[Event "Subic Bay op"]
[Site "Subic Bay"]
[Date "2016.12.06"]
[Round "1"]
[White "Yu, Manny"]
[Black "Antonio, Rogelio Jr"]
[Result "1/2-1/2"]
[WhiteElo "2295"]
[BlackElo "2481"]
[PlyCount "117"]
[EventDate "2016.12.06"]
[EventType "swiss"]
[EventRounds "9"]
[EventCountry "PHI"]
[SourceTitle "CBM 176 Extra"]
[Source "ChessBase"]
[SourceDate "2017.03.02"]
[SourceVersion "1"]
[SourceVersionDate "2017.03.02"]
[SourceQuality "1"]

1. e4 c6 2. c4 d5 3. exd5 cxd5 4. cxd5 Nf6 5. Nf3 Nxd5 6. Nc3 g6 7. Qb3 e6 8. Bb5+ Nc6 9. d4 Bg7 10. Bg5 Qa5 11. 0-0 Nxc3 12. bxc3 0-0 13. Rab1 Qc7 14. Rfe1 Bd7 15. Bf1 b6 16. Bh4 Na5 17. Qa3 Rfc8 18. Rbc1 Bf8 19. Be7 Bxe7 20. Qxe7 Bc6 21. Qf6 Qd8 22. Qf4 Bxf3 23. Qxf3 Nc4 24. h4 Rc7 25. h5 Rac8 26. hxg6 hxg6 27. Ra1 Kg7 28. Qf4 Qf6 29. g3 Qxf4 30. gxf4 Rd8 31. Kg2 Rd5 32. Rab1 Rf5 33. Kg3 Nd2 34. Rbc1 Ra5 35. Rc2 Nxf1+ 36. Rxf1 Ra3 37. Rfc1 Rc4 38. Kg2 Kf6 39. Kf1 Kf5 40. Ke2 Ke4 41. Kd2 Rca4 42. Rh1 Kf5 43. Rh7 Kf6 44. Rh8 Rxa2 45. Rxa2 Rxa2+ 46. Ke3 b5 47. Rc8 a5 48. Rc5 Rb2 49. c4 Rb3+ 50. Ke4 bxc4 51. Rxa5 Rb1 52. Rc5 Rc1 53. Ke3 c3 54. Kf3 Ke7 55. Kg3 Kd6 56. Kf3 f6 57. Ke2 e5 58. fxe5+ fxe5 59. Rxe5 1/2-1/2